Statystyki dla rozpoznaj pilkarza po przydomku

Kliknij tutaj aby rozwiązać quiz!

Ogólne statystyki

  • Ten quiz został rozwiązany 1 019 razy
  • Średni wynik to 3 z 5

Statystyki odpowiedzi

inicjaly i numerimie i nazwisko% Poprawnych
LM10Leo Messi
96%
RL9Robert Lewandowski
96%
NJ11Neymar Jr.
95%
KP19Krzysztof Piatek
34%
LF1Lukasz Fabianski
23%

Rozkład punktacji

Percentyl według liczby udzielonych odpowiedzi

Procent ludzi z każdym wynikiem

Twoja historia wyników

Nie rozwiązałeś tego quizu